[Event "Baden-ch U12"]
[Site "Karlsruhe"]
[Date "2012.01.03"]
[Round "2"]
[White "Fesenmeier, Karl"]
[Black "Schillinger, Carmen"]
[Result "1-0"]
[WhiteElo "1214"]
[BlackElo "763"]
[PlyCount "139"]
[EventDate "2012.01.03"]
[EventType "swiss"]
[EventRounds "7"]
[EventCountry "GER"]
[SourceTitle "EXT 2015"]
[Source "ChessBase"]
[SourceDate "2014.11.20"]
[SourceVersion "1"]
[SourceVersionDate "2014.11.20"]
[SourceQuality "1"]

1. e4 e5 2. Nf3 Nc6 3. Bc4 Nf6 4. d3 Bb4+ 5. c3 Ba5 6. 0-0 d5 7. exd5 Nxd5 8. Re1 f6 9. d4 Bg4 10. dxe5 fxe5 11. Qxd5 Qxd5 12. Bxd5 0-0-0 13. Bxc6 bxc6 14. Nxe5 Rde8 15. Bf4 Bb6 16. Nd2 Rhf8 17. Nxg4 Rxe1+ 18. Rxe1 Rxf4 19. Ne5 Bxf2+ 20. Kf1 Bxe1+ 21. Kxe1 Kb7 22. Nd3 Rf8 23. Nc5+ Kc8 24. Nf3 Re8+ 25. Kf2 Rf8 26. Ne6 Rf7 27. Kg1 Kb8 28. Nd8 Rf6 29. Nd4 c5 30. N4e6 g5 31. Nxg5 Rd6 32. Ndf7 Rd1+ 33. Kf2 Rd2+ 34. Kg3 Rxb2 35. Nxh7 Rxa2 36. Ne5 a5 37. Nd7+ Kc8 38. Nxc5 a4 39. Nxa4 Rxa4 40. Nf6 c5 41. h4 Ra3 42. Ne4 Ra5 43. h5 Kc7 44. h6 Kc6 45. h7 Ra8 46. Ng5 Rh8 47. Kh4 Kd7 48. Kh5 Ke7 49. Kh6 c4 50. Kg7 Ra8 51. h8Q Rxh8 52. Kxh8 Kf6 53. Nf3 Kf5 54. Kg7 Ke4 55. Kf6 Kd3 56. g4 Kxc3 57. g5 Kb3 58. g6 c3 59. g7 c2 60. Nd4+ Kb2 61. Nxc2 Kxc2 62. g8Q Kd3 63. Qg4 Kc3 64. Qe4 Kb3 65. Qd4 Ka3 66. Qb6 Ka4 67. Ke5 Ka3 68. Kd4 Ka2 69. Kc3 Ka1 70. Qb2# 1-0